|
|
|
|
| LEADER |
00000nam0a2200000 4500 |
| 001 |
163018 |
| 005 |
20231101222351.0 |
| 010 |
|
|
|a 9785969204010
|
| 035 |
|
|
|a (RuTPU)RU\TPU\book\176813
|
| 035 |
|
|
|a RU\TPU\book\108863
|
| 090 |
|
|
|a 163018
|
| 100 |
|
|
|a 20060831d2009 m y0rusy50 ca
|
| 101 |
0 |
|
|a rus
|
| 102 |
|
|
|a RU
|
| 105 |
|
|
|a y j 001zy
|
| 200 |
1 |
|
|a Деньги, кредит, банки
|e учебник
|f под ред. Г. Н. Белоглазовой
|
| 210 |
|
|
|a Москва
|c Юрайт-Издат
|c Высшая школа
|d 2009
|
| 215 |
|
|
|a 620 с.
|
| 225 |
1 |
|
|a Университеты России
|
| 320 |
|
|
|a Библиогр.: с. 620.
|
| 330 |
|
|
|a Настоящий учебник написан в соответствии с новым Государственным образовательным стандартом. Он содержит три взаимосвязанных раздела, в которых последовательно с использованием зарубежной практики и российского опыта раскрываются закономерности функционирования денежной, кредитной и банковской систем в условиях рыночной экономики. Для студентов экономических вузов, обучающихся по специальностям «Финансы и кредит», «Бухгалтерский учет, анализ и аудит», может быть использован в системе повышения квалификации и переподготовки кадров.
|
| 451 |
|
1 |
|0 (RuTPU)RU\TPU\book\108863
|y 5-94879-657-4
|t Деньги, кредит, банки
|o учебник
|f под ред. Г. Н. Белоглазовой
|c М.
|n Юрайт-Издат
|d 2007
|p 620 с.
|s Университеты России
|
| 606 |
1 |
|
|a Финансы
|x Экономика
|y Россия
|2 stltpush
|3 (RuTPU)RU\TPU\subj\67534
|9 83291
|
| 610 |
1 |
|
|a экономика
|
| 610 |
1 |
|
|a деньги
|
| 610 |
1 |
|
|a денежно-кредитная политика
|
| 610 |
1 |
|
|a денежно-кредитная система
|
| 610 |
1 |
|
|a Российская Федерация
|
| 610 |
1 |
|
|a платежные системы
|
| 610 |
1 |
|
|a кредит
|
| 610 |
1 |
|
|a кредитная система
|
| 610 |
1 |
|
|a банки
|
| 610 |
1 |
|
|a банковское дело
|
| 610 |
1 |
|
|a центральные банки
|
| 610 |
1 |
|
|a банковская система
|
| 610 |
1 |
|
|a Центральный банк
|
| 610 |
1 |
|
|a банковские операции
|
| 610 |
1 |
|
|a мировой рынок
|
| 610 |
1 |
|
|a учебники
|
| 686 |
|
|
|a У9(2)26я73
|v LBC/SL-A
|2 rubbk
|
| 702 |
|
1 |
|a Белоглазова
|b Г. Н.
|4 340
|
| 712 |
0 |
2 |
|a Санкт-Петербургский государственный университет экономики и финансов (СПбГУЭФ)
|c (1991- )
|2 stltpush
|3 (RuTPU)RU\TPU\col\151
|
| 801 |
|
1 |
|a RU
|b 63413507
|c 20090702
|g PSBO
|
| 801 |
|
2 |
|a RU
|b 63413507
|c 20150731
|g PSBO
|
| 900 |
|
|
|a Деньги, кредит, банки
|
| 900 |
|
|
|a Финансы, денежное обращение, кредит
|
| 942 |
|
|
|c BK
|
| 952 |
|
|
|a 521600
|b 080100
|
| 959 |
|
|
|a 80/20090702
|d 2
|e 259,00
|f ЧЗГЛ:1
|f АНЛ:1
|